Tepelné čerpadlá VITOCAL

Uložené v:
Podrobná bibliografia
Korporácia: VIESSMANN (Nemecko) (Author), VIESSMANN, s. r. o. (Vajnorská 142, 831 04 Bratislava) (Compiler)
Médium: Kniha
Jazyk:Slovak
Vydané: 2006
Fyzický popis: 27 s.
Tagy: Pridať tag
Žiadne tagy, Buďte prvý kto otaguje tento záznam!

MARC

LEADER 00000nam a2200000 a 4500
001 000331069
005 20060525104332.0
008 060525s2006 e sloo
040 |a KE001  |b slo 
080 |a 621.577  |2 undef 
110 2 |a VIESSMANN (Nemecko)  |4 aut 
245 1 0 |a Tepelné čerpadlá VITOCAL 
260 |c 2006 
300 |a 27 s. 
710 2 |a VIESSMANN, s. r. o. (Vajnorská 142, 831 04 Bratislava)  |4 com 
850 |a KE001 
998 |a FL 
992 |a FFP 
090 |g SCKHL  |k SK42  |a 621.577  |j 212758  |i I4837  |4 zastaraná  |s Vyradená